Catálogo - Centro de Recursos para el Aprendizaje y la Investigación

Volver al Sitio - CRAI Biblioteca

Manual de normas y procedimientos de los centros de mediación de conflictos / (Registro nro. 113597)

Detalles MARC
000 -CABECERA
campo de control de longitud fija 01322nam a2200229 4500
001 - NÚMERO DE CONTROL
campo de control 113597
003 - IDENTIFICADOR DEL NÚMERO DE CONTROL
campo de control DR-UNIBE
005 - FECHA Y HORA DE LA ÚLTIMA TRANSACCIÓN
campo de control 20250515133839.0
008 - DATOS DE LONGITUD FIJA--INFORMACIÓN GENERAL
campo de control de longitud fija 250512b2004 pr ||||| |||| 00| 0 spa d
040 ## - FUENTE DE LA CATALOGACIÓN
Centro catalogador/agencia de origen BIBLIOTECA UNIBE
Centro/agencia transcriptor BIBLIOTECA UNIBE
Lengua de catalogación spa
Normas de descripción rda
041 ## - CÓDIGO DE LENGUA
Código de lengua del texto/banda sonora o título independiente spa
082 ## - NÚMERO DE LA CLASIFICACIÓN DECIMAL DEWEY
Número de edición 22
Número de clasificación 347.09 P977m
110 10 - ENTRADA PRINCIPAL--NOMBRE DE ENTIDAD CORPORATIVA
Nombre de entidad corporativa o nombre de jurisdicción como elemento de entrada Puerto Rico. Tribunal General de Justicia
9 (RLIN) 195218
Término indicativo de función/relación autor
245 10 - MENCIÓN DE TÍTULO
Título Manual de normas y procedimientos de los centros de mediación de conflictos /
260 ## - PUBLICACIÓN, DISTRIBUCIÓN, ETC.
Lugar de publicación, distribución, etc. San Juan:
Nombre del editor, distribuidor, etc. Tribunal General de Justicia. Oficina de administración de los tribunales,
Fecha de publicación, distribución, etc. 2004
300 ## - DESCRIPCIÓN FÍSICA
Extensión 45 hojas:
Dimensiones 27 x 21 cm
505 ## - NOTA DE CONTENIDO CON FORMATO
Nota de contenido con formato Capítulo 1. Disposiciones generales |<br/>Capítulo 2. Sobre los servicios |<br/>Capítulo 3. Orientación y preferidos |<br/>Capítulo 4. Mediación |<br/>Capítulo 5. Clasificación de los casos |<br/>Capítulo 6. Confidencialidad<br/>Capítulo 7. Clasificación y control de documentos |<br/>Capítulo 8. Casos de violencia doméstica |<br/>Capítulo 9. Situaciones especiales |<br/>Capítulo 10. Adiestramiento de personal |<br/>Capítulo 11. Disposiciones misceláneas
650 #7 - PUNTO DE ACCESO ADICIONAL DE MATERIA--TÉRMINO DE MATERIA
Fuente del encabezamiento o término lemb
Término de materia o nombre geográfico como elemento de entrada Resolución de disputas (Derecho)
Subdivisión geográfica Puerto Rico
Subdivisión de forma Manuales
9 (RLIN) 195451
650 #7 - PUNTO DE ACCESO ADICIONAL DE MATERIA--TÉRMINO DE MATERIA
Fuente del encabezamiento o término lemb
Término de materia o nombre geográfico como elemento de entrada Terceros (Derecho)
Subdivisión geográfica Puerto Rico
Subdivisión de forma Manuales
9 (RLIN) 195452
650 #7 - PUNTO DE ACCESO ADICIONAL DE MATERIA--TÉRMINO DE MATERIA
Fuente del encabezamiento o término lemb
Término de materia o nombre geográfico como elemento de entrada Mediación
Subdivisión geográfica Puerto Rico
Subdivisión de forma Manuales
9 (RLIN) 195453
942 ## - ELEMENTOS DE PUNTO DE ACCESO ADICIONAL (KOHA)
Fuente del sistema de clasificación o colocación Sistema de Clasificación Decimal Dewey
Tipo de ítem Koha Libro (general)
Existencias
Estado de retiro Estado de pérdida Fuente del sistema de clasificación o colocación No para préstamo Código de colección Localización permanente Fecha de adquisición Total de préstamos Signatura topográfica completa Código de barras Fecha visto por última vez Número de copia Precio válido a partir de Tipo de ítem Koha
  Disponible Sistema de Clasificación Decimal Dewey   General Biblioteca Central UNIBE 08/04/2025   347.09 P977m 250436 12/05/2025 Ej. 1 12/05/2025 Libro (general)